Delacroix : (Record no. 135169)

MARC details
000 -LEADER
fixed length control field 00722nam a22002417a 4500
005 - DATE AND TIME OF LATEST TRANSACTION
control field 20170124110241.0
010 ## - LIBRARY OF CONGRESS CONTROL NUMBER
LC control number A-248629
020 ## - INTERNATIONAL STANDARD BOOK NUMBER
Terms of availability 00.00
International Standard Book Number 9780600501510
035 ## - SYSTEM CONTROL NUMBER
System control number A-248629
037 ## - SOURCE OF ACQUISITION
Source of stock number/acquisition Cen Lib/Ret
040 ## - CATALOGING SOURCE
Original cataloging agency DPL
Language of cataloging EN
082 ## - DEWEY DECIMAL CLASSIFICATION NUMBER
Classification number 708
Item number POO
100 ## - MAIN ENTRY--PERSONAL NAME
Personal name Pool, Phoebe
9 (RLIN) 94914
245 ## - TITLE STATEMENT
Title Delacroix :
Statement of responsibility, etc by Phoebe Pool
Remainder of title 49 plates in full colour /
246 ## - VARYING FORM OF TITLE
Remainder of title
260 ## - PUBLICATION, DISTRIBUTION, ETC. (IMPRINT)
Place of publication, distribution, etc London
Name of publisher, distributor, etc Hamlyn Publishing Group
Date of publication, distribution, etc 1985
270 ## - ADDRESS
City London
Address Bridge house london road
300 ## - PHYSICAL DESCRIPTION
Extent 49p. :
Dimensions 27cm(Hb)
Other physical details ill.
490 ## - SERIES STATEMENT
Series statement The colour library of art
650 ## - SUBJECT ADDED ENTRY--TOPICAL TERM
Topical term or geographic name as entry element Delacroix, Eugène, -- 1798-1863.
9 (RLIN) 94915
650 ## - SUBJECT ADDED ENTRY--TOPICAL TERM
Topical term or geographic name as entry element Delacroix, Eugène.
9 (RLIN) 94916
942 ## - ADDED ENTRY ELEMENTS (KOHA)
Source of classification or shelving scheme Dewey Decimal Classification
Koha item type English Books
Classification part 708
Call number suffix POO
Holdings
Withdrawn status Lost status Damaged status Not for loan Collection code Home library Current library Date acquired Source of acquisition Cost, normal purchase price Total Checkouts Full call number Barcode Date last seen Copy number Cost, replacement price Price effective from Koha item type
      Not For Loan Reference Central Library Central Library 01/10/2015 Cen Lib/Ret 0.00   708 POO A-248629 01/10/2015 1 0.00 01/10/2015 English Books

© Delhi Public Library
Hit Counter
free hit counter